000 01235nam a22003497a 4500
003 CHAP
005 20220329140000.0
008 971013s1970 r 00010 d
010 _a45082
011 _a46054
035 _a50194
040 _cCHAP
082 _a632
_bR3
100 0 0 _aRaychaudhuri, Satya Prasad
_eed.
_994823
245 _aPlant disease problems ; proceedings of the first international symposium...
260 _aNew Delhi :
_bIndian Phytopathological Society,
_c1970
300 _a915 p.
_b: ilus. ; mapas ; gráfs.
590 _aBATCH-UPD
_b10
_c20130109
_lUCH01
_h2346
590 _aBATCH-UPD
_b10
_c20130110
_lUCH01
_h1737
590 _aBATCH-UPD
_b10
_c20130410
_lUCH01
_h1117
590 _aBATCH-UPD
_b10
_c20130914
_lUCH01
_h0913
590 _aCONVERSION
_b10
_c20130109
_lUCH01
_h1325
650 1 4 _aCereales
_xEnfermedades.
_921412
650 1 4 _aFitopatología.
_941161
650 1 4 _aFruta
_xEnfermedades.
_943611
650 1 4 _aHongos fitopatógenos.
_956132
710 0 _aIndian Phytopathological Society.
_957551
710 0 _aInternational Symposium on Plant Pathology (1 : 1967 : New Delhi)
_959963
901 _aBK
942 _cLIBRO
949 _a632 R3
_bBC
_cLIBRO
_d33724000175725
_eLIBRO
_h61263
_i50194
_si
999 _c45082
_d45082